[Event "Russian Championship (Rapid, Women)"]
[Site "Sochi"]
[Date "2018.10.06"]
[Round "11.6"]
[White "Bykova, Anastasia"]
[Black "Kovanova, Baira"]
[Result "1-0"]
[BlackElo "2317"]
[WhiteElo "2170"]
[LiveChessVersion "1.4.8"]

1. d4 {[%clk 0:15:19]} Nf6 {[%clk 0:15:19]} 2. c4 {[%clk 0:15:28]} e6
{[%clk 0:15:27]} 3. Nf3 {[%clk 0:15:35]} Bb4+ {[%clk 0:15:25]} 4. Bd2
{[%clk 0:15:44]} Qe7 {[%clk 0:15:17]} 5. g3 {[%clk 0:15:52]} Nc6 {[%clk 0:15:02]}
6. Bg2 {[%clk 0:15:30]} d5 {[%clk 0:13:40]} 7. a3 {[%clk 0:14:12]} Bxd2+
{[%clk 0:13:29]} 8. Nbxd2 {[%clk 0:14:20]} O-O {[%clk 0:13:24]} 9. Qc2
{[%clk 0:13:05]} Rd8 {[%clk 0:13:00]} 10. Rd1 {[%clk 0:12:45]} e5
{[%clk 0:09:17]} 11. dxe5 {[%clk 0:12:36]} Nxe5 {[%clk 0:09:25]} 12. Nxe5
{[%clk 0:12:25]} Qxe5 {[%clk 0:09:33]} 13. Nf3 {[%clk 0:12:12]} Qe7
{[%clk 0:08:58]} 14. cxd5 {[%clk 0:11:26]} Nxd5 {[%clk 0:09:00]} 15. O-O
{[%clk 0:11:23]} Bg4 {[%clk 0:08:46]} 16. Rd4 {[%clk 0:07:48]} Nf6
{[%clk 0:08:08]} 17. Rfd1 {[%clk 0:06:51]} Rxd4 {[%clk 0:07:06]} 18. Rxd4
{[%clk 0:06:59]} Re8 {[%clk 0:07:00]} 19. e3 {[%clk 0:05:47]} c5 {[%clk 0:06:42]}
20. Rd2 {[%clk 0:03:56]} b6 {[%clk 0:05:16]} 21. h3 {[%clk 0:03:51]} Bh5
{[%clk 0:05:14]} 22. Nh4 {[%clk 0:03:52]} Qe5 {[%clk 0:04:47]} 23. g4
{[%clk 0:03:09]} Bg6 {[%clk 0:04:08]} 24. Nxg6 {[%clk 0:03:18]} hxg6
{[%clk 0:04:16]} 25. Qd3 {[%clk 0:03:19]} Qe6 {[%clk 0:03:01]} 26. Qd6
{[%clk 0:01:59]} Qc4 {[%clk 0:02:29]} 27. Qd3 {[%clk 0:01:58]} Qe6
{[%clk 0:02:29]} 28. Qd6 {[%clk 0:02:05]} Qc4 {[%clk 0:02:24]} 29. Qd3
{[%clk 0:02:13]} Qa4 {[%clk 0:02:24]} 30. g5 {[%clk 0:01:20]} Ne4
{[%clk 0:00:46]} 31. Bxe4 {[%clk 0:01:08]} Rxe4 {[%clk 0:00:25]} 32. Qd8+
{[%clk 0:01:17]} Kh7 {[%clk 0:00:29]} 33. Qf8 {[%clk 0:00:40]} Qe8
{[%clk 0:00:25]} 34. Qxe8 {[%clk 0:00:42]} Rxe8 {[%clk 0:00:33]} 35. Rd7
{[%clk 0:00:51]} Re5 {[%clk 0:00:32]} 36. h4 {[%clk 0:00:39]} Re4
{[%clk 0:00:23]} 37. Rxa7 {[%clk 0:00:27]} b5 {[%clk 0:00:21]} 38. Rxf7
{[%clk 0:00:30]} b4 {[%clk 0:00:28]} 39. Rf4 {[%clk 0:00:22]} bxa3
{[%clk 0:00:33]} 40. bxa3 {[%clk 0:00:28]} Re7 {[%clk 0:00:41]} 41. Rc4
{[%clk 0:00:36]} Ra7 {[%clk 0:00:48]} 42. a4 {[%clk 0:00:45]} Kg8
{[%clk 0:00:55]} 43. Kg2 {[%clk 0:00:47]} Kf7 {[%clk 0:01:00]} 44. Kg3
{[%clk 0:00:46]} Ra5 {[%clk 0:01:06]} 45. Kf4 {[%clk 0:00:33]} Ke6
{[%clk 0:01:15]} 46. Ke4 {[%clk 0:00:38]} Kd6 {[%clk 0:01:24]} 47. f4
{[%clk 0:00:39]} Ra7 {[%clk 0:01:33]} 48. Kd3 {[%clk 0:00:39]} Rb7
{[%clk 0:01:41]} 49. a5 {[%clk 0:00:39]} Rb1 {[%clk 0:01:46]} 50. Ra4
{[%clk 0:00:44]} Rb3+ {[%clk 0:01:51]} 51. Ke4 {[%clk 0:00:42]} Rb7
{[%clk 0:01:53]} 52. a6 {[%clk 0:00:49]} Ra7 {[%clk 0:02:03]} 53. Kd3
{[%clk 0:00:41]} Kc6 {[%clk 0:02:05]} 54. Kc4 {[%clk 0:00:36]} Kb6
{[%clk 0:01:41]} 55. Ra3 {[%clk 0:00:40]} Kc6 {[%clk 0:01:49]} 56. Ra5
{[%clk 0:00:37]} Kb6 {[%clk 0:01:53]} 57. Ra3 {[%clk 0:00:41]} Kc6
{[%clk 0:02:02]} 58. e4 {[%clk 0:00:43]} Kd6 {[%clk 0:02:07]} 59. Kb5
{[%clk 0:00:38]} Ra8 {[%clk 0:02:11]} 60. a7 {[%clk 0:00:45]} 1-0

[Event "Russian Championship (Rapid, Women)"]
[Site "Sochi"]
[Date "2018.10.06"]
[Round "11.7"]
[White "Tomilova, Elena"]
[Black "Potapova, Margarita"]
[Result "1-0"]
[BlackElo "2151"]
[WhiteElo "2275"]
[LiveChessVersion "1.4.8"]

1. c4 {[%clk 0:15:19]} Nf6 {[%clk 0:15:11]} 2. g3 {[%clk 0:15:26]} e6
{[%clk 0:15:13]} 3. Nf3 {[%clk 0:15:32]} d5 {[%clk 0:15:22]} 4. b3
{[%clk 0:15:37]} d4 {[%clk 0:15:20]} 5. Bg2 {[%clk 0:15:39]} c5 {[%clk 0:15:27]}
6. O-O {[%clk 0:15:32]} Nc6 {[%clk 0:15:35]} 7. e3 {[%clk 0:15:40]} Be7
{[%clk 0:15:39]} 8. exd4 {[%clk 0:15:44]} cxd4 {[%clk 0:15:47]} 9. Re1
{[%clk 0:15:41]} O-O {[%clk 0:15:50]} 10. d3 {[%clk 0:15:48]} Ne8
{[%clk 0:15:13]} 11. Ne5 {[%clk 0:15:54]} Nxe5 {[%clk 0:15:08]} 12. Rxe5
{[%clk 0:16:03]} f6 {[%clk 0:15:00]} 13. Re1 {[%clk 0:16:11]} a5 {[%clk 0:13:03]}
14. Ba3 {[%clk 0:15:48]} Nd6 {[%clk 0:12:46]} 15. Nd2 {[%clk 0:15:23]} e5
{[%clk 0:12:14]} 16. Qh5 {[%clk 0:11:52]} Qe8 {[%clk 0:10:32]} 17. Bd5+
{[%clk 0:10:25]} Kh8 {[%clk 0:10:40]} 18. Qxe8 {[%clk 0:10:33]} Rxe8
{[%clk 0:10:46]} 19. f4 {[%clk 0:10:21]} Nf5 {[%clk 0:10:06]} 20. Bxe7
{[%clk 0:10:06]} Rxe7 {[%clk 0:10:12]} 21. fxe5 {[%clk 0:09:39]} fxe5
{[%clk 0:10:02]} 22. Rf1 {[%clk 0:09:28]} h6 {[%clk 0:07:37]} 23. g4
{[%clk 0:08:53]} Ne3 {[%clk 0:07:27]} 24. Rf8+ {[%clk 0:09:01]} Kh7
{[%clk 0:07:36]} 25. h3 {[%clk 0:07:33]} g6 {[%clk 0:05:32]} 26. Ne4
{[%clk 0:07:17]} Nxd5 {[%clk 0:04:59]} 27. cxd5 {[%clk 0:07:26]} Kg7
{[%clk 0:04:59]} 28. Raf1 {[%clk 0:06:36]} b6 {[%clk 0:01:49]} 29. Nd6
{[%clk 0:05:26]} e4 {[%clk 0:00:14]} 30. dxe4 {[%clk 0:05:03]} d3
{[%clk 0:00:16]} 31. Rxc8 {[%clk 0:04:51]} Rxc8 {[%clk 0:00:17]} 32. Nxc8
{[%clk 0:04:59]} Rxe4 {[%clk 0:00:25]} 33. Rd1 {[%clk 0:04:59]} Rd4
{[%clk 0:00:34]} 34. Nxb6 {[%clk 0:05:04]} Kf6 {[%clk 0:00:34]} 35. Kf2
{[%clk 0:05:03]} Kg5 {[%clk 0:00:43]} 36. Ke3 {[%clk 0:05:01]} Rb4
{[%clk 0:00:52]} 37. Nc4 {[%clk 0:04:47]} a4 {[%clk 0:00:58]} 38. Rxd3
{[%clk 0:04:51]} 1-0

[Event "Russian Championship (Rapid, Women)"]
[Site "Sochi"]
[Date "2018.10.06"]
[Round "11.8"]
[White "Borisova, Ekaterina"]
[Black "Maletina, Tatiana"]
[Result "1-0"]
[BlackElo "2246"]
[WhiteElo "2040"]
[LiveChessVersion "1.4.8"]

1. d4 {[%clk 0:15:19]} e6 {[%clk 0:15:19]} 2. Nf3 {[%clk 0:15:26]} f5
{[%clk 0:15:27]} 3. g3 {[%clk 0:15:34]} Nf6 {[%clk 0:15:36]} 4. Bg2
{[%clk 0:15:43]} d5 {[%clk 0:15:45]} 5. O-O {[%clk 0:15:49]} Bd6 {[%clk 0:15:53]}
6. c4 {[%clk 0:15:58]} c6 {[%clk 0:16:02]} 7. b3 {[%clk 0:15:53]} Qe7
{[%clk 0:16:11]} 8. Bb2 {[%clk 0:16:01]} O-O {[%clk 0:16:18]} 9. Qc2
{[%clk 0:16:10]} Ne4 {[%clk 0:16:15]} 10. Nbd2 {[%clk 0:16:14]} a5
{[%clk 0:16:22]} 11. Ne5 {[%clk 0:15:50]} Nd7 {[%clk 0:16:23]} 12. Nxe4
{[%clk 0:15:07]} dxe4 {[%clk 0:15:41]} 13. Nxd7 {[%clk 0:12:41]} Bxd7
{[%clk 0:15:49]} 14. f3 {[%clk 0:12:46]} exf3 {[%clk 0:15:43]} 15. exf3
{[%clk 0:12:53]} f4 {[%clk 0:15:51]} 16. g4 {[%clk 0:12:49]} Be8 {[%clk 0:15:17]}
17. Rfe1 {[%clk 0:12:33]} Bg6 {[%clk 0:15:19]} 18. Qe2 {[%clk 0:12:28]} Rae8
{[%clk 0:15:22]} 19. Bc3 {[%clk 0:12:31]} Bc7 {[%clk 0:15:25]} 20. Rad1
{[%clk 0:11:53]} Qg5 {[%clk 0:14:53]} 21. Qf2 {[%clk 0:11:20]} h5
{[%clk 0:13:04]} 22. h4 {[%clk 0:10:55]} Qd8 {[%clk 0:13:12]} 23. g5
{[%clk 0:11:00]} Bf5 {[%clk 0:13:21]} 24. Bf1 {[%clk 0:09:47]} Qd7
{[%clk 0:13:09]} 25. a4 {[%clk 0:08:01]} b6 {[%clk 0:11:57]} 26. Rd2
{[%clk 0:07:43]} Qc8 {[%clk 0:11:29]} 27. Bd3 {[%clk 0:07:23]} Qd7
{[%clk 0:09:56]} 28. Be4 {[%clk 0:06:01]} b5 {[%clk 0:09:28]} 29. Rde2
{[%clk 0:05:18]} b4 {[%clk 0:08:58]} 30. Bb2 {[%clk 0:05:21]} Bb6
{[%clk 0:08:47]} 31. Bxf5 {[%clk 0:05:07]} Rxf5 {[%clk 0:08:54]} 32. Re5
{[%clk 0:04:20]} Rxe5 {[%clk 0:08:28]} 33. Rxe5 {[%clk 0:04:26]} Bc7
{[%clk 0:08:29]} 34. Re4 {[%clk 0:03:41]} e5 {[%clk 0:08:08]} 35. Kg2
{[%clk 0:02:42]} Rd8 {[%clk 0:04:03]} 36. dxe5 {[%clk 0:01:51]} Qd1
{[%clk 0:04:11]} 37. Rd4 {[%clk 0:01:28]} Qxb3 {[%clk 0:02:42]} 38. Rxd8+
{[%clk 0:01:27]} Bxd8 {[%clk 0:02:51]} 39. Qd4 {[%clk 0:01:25]} Bb6
{[%clk 0:03:00]} 40. c5 {[%clk 0:00:31]} Qc2+ {[%clk 0:03:01]} 41. Kh3
{[%clk 0:00:34]} Qxc5 {[%clk 0:02:45]} 42. Qxf4 {[%clk 0:00:31]} Qg1
{[%clk 0:02:14]} 43. Qc4+ {[%clk 0:00:34]} Kh8 {[%clk 0:01:54]} 44. Qxc6
{[%clk 0:00:35]} Qf1+ {[%clk 0:00:56]} 45. Kg3 {[%clk 0:00:43]} Qf2+
{[%clk 0:00:44]} 46. Kh3 {[%clk 0:00:46]} Qf1+ {[%clk 0:00:50]} 47. Kg3
{[%clk 0:00:54]} Qf2+ {[%clk 0:00:43]} 48. Kh3 {[%clk 0:00:28]} Qf1+
{[%clk 0:00:51]} 49. Kg3 {[%clk 0:00:37]} Qf2+ {[%clk 0:01:00]} 50. Kf4
{[%clk 0:00:28]} Qd2+ {[%clk 0:00:24]} 51. Kf5 {[%clk 0:00:25]} Qd3+
{[%clk 0:00:28]} 52. Qe4 {[%clk 0:00:22]} Qd8 {[%clk 0:00:37]} 53. e6
{[%clk 0:00:19]} Qf8+ {[%clk 0:00:39]} 54. Ke5 {[%clk 0:00:23]} Qc5+
{[%clk 0:00:21]} 55. Kf4 {[%clk 0:00:16]} Bc7+ {[%clk 0:00:22]} 56. Be5
{[%clk 0:00:25]} Qc1+ {[%clk 0:00:29]} 57. Kf5 {[%clk 0:00:27]} Qc5
{[%clk 0:00:38]} 58. Qa8+ {[%clk 0:00:29]} Kh7 {[%clk 0:00:45]} 59. g6+
{[%clk 0:00:38]} Kh6 {[%clk 0:00:54]} 60. Qh8# {[%clk 0:00:46]} 1-0

[Event "Russian Championship (Rapid, Women)"]
[Site "Sochi"]
[Date "2018.10.06"]
[Round "11.9"]
[White "Vasilevich, Irina"]
[Black "Baraeva, Irina"]
[Result "0-1"]
[BlackElo "2174"]
[WhiteElo "2226"]
[LiveChessVersion "1.4.8"]

1. c4 {[%clk 0:15:17]} e5 {[%clk 0:15:14]} 2. Nc3 {[%clk 0:15:25]} Nf6
{[%clk 0:15:23]} 3. g3 {[%clk 0:15:33]} d5 {[%clk 0:15:31]} 4. cxd5
{[%clk 0:15:40]} Nxd5 {[%clk 0:15:40]} 5. Bg2 {[%clk 0:15:46]} Nb6
{[%clk 0:15:36]} 6. e3 {[%clk 0:15:52]} Be7 {[%clk 0:15:02]} 7. Nge2
{[%clk 0:15:59]} O-O {[%clk 0:14:41]} 8. f4 {[%clk 0:16:01]} exf4
{[%clk 0:14:42]} 9. Nxf4 {[%clk 0:16:08]} c5 {[%clk 0:14:22]} 10. a4
{[%clk 0:12:14]} Nc6 {[%clk 0:13:27]} 11. a5 {[%clk 0:11:46]} Nc4
{[%clk 0:12:46]} 12. a6 {[%clk 0:11:47]} N4e5 {[%clk 0:12:13]} 13. O-O
{[%clk 0:09:20]} Rb8 {[%clk 0:10:44]} 14. axb7 {[%clk 0:07:01]} Bxb7
{[%clk 0:10:49]} 15. Nfd5 {[%clk 0:06:38]} c4 {[%clk 0:07:50]} 16. b3
{[%clk 0:05:10]} cxb3 {[%clk 0:07:42]} 17. d4 {[%clk 0:03:57]} Ng6
{[%clk 0:07:16]} 18. Nxe7+ {[%clk 0:02:54]} Ngxe7 {[%clk 0:06:16]} 19. Rf2 Ba8
{[%clk 0:05:25]} 20. d5 {[%clk 0:02:46]} Nb4 {[%clk 0:05:07]} 21. e4
{[%clk 0:01:56]} a5 {[%clk 0:04:49]} 22. Bg5 {[%clk 0:01:33]} f6 {[%clk 0:04:20]}
23. Bf4 {[%clk 0:01:41]} Rb7 {[%clk 0:02:48]} 24. d6 {[%clk 0:01:42]} Nec6
{[%clk 0:02:50]} 25. Qxb3+ {[%clk 0:01:48]} Kh8 {[%clk 0:02:55]} 26. Qd1
{[%clk 0:01:40]} h6 {[%clk 0:01:42]} 27. Na4 {[%clk 0:01:26]} Rbf7
{[%clk 0:00:30]} 28. Nc5 {[%clk 0:01:20]} Re8 {[%clk 0:00:31]} 29. Qh5
{[%clk 0:00:55]} Kg8 {[%clk 0:00:30]} 30. Bh3 {[%clk 0:00:52]} Ne5
{[%clk 0:00:26]} 31. Be6 {[%clk 0:00:46]} Rxe6 {[%clk 0:00:28]} 32. Nxe6
{[%clk 0:00:54]} Qxd6 {[%clk 0:00:37]} 33. Rxa5 {[%clk 0:00:21]} Bxe4
{[%clk 0:00:32]} 34. Bxe5 {[%clk 0:00:30]} Qxe6 {[%clk 0:00:35]} 35. Bc3
{[%clk 0:00:28]} Nd5 {[%clk 0:00:29]} 36. Bd2 {[%clk 0:00:21]} Rb7
{[%clk 0:00:29]} 37. Qe2 {[%clk 0:00:26]} Rb1+ {[%clk 0:00:32]} 38. Be1
{[%clk 0:00:24]} Nc3 {[%clk 0:00:25]} 39. Qe3 {[%clk 0:00:33]} Nd1
{[%clk 0:00:29]} 40. Qd2 {[%clk 0:00:11]} Nxf2 {[%clk 0:00:35]} 41. Qxf2
{[%clk 0:00:19]} Bd3 {[%clk 0:00:32]} 42. Kg2 {[%clk 0:00:16]} Rxe1
{[%clk 0:00:35]} 43. Ra8+ {[%clk 0:00:15]} Kh7 {[%clk 0:00:44]} 44. Rd8
{[%clk 0:00:24]} Be4+ {[%clk 0:00:44]} 0-1

[Event "Russian Championship (Rapid, Women)"]
[Site "Sochi"]
[Date "2018.10.06"]
[Round "11.10"]
[White "Belenkaya, Dina"]
[Black "Nebolsina, Vera"]
[Result "1-0"]
[BlackElo "2157"]
[WhiteElo "2204"]
[LiveChessVersion "1.4.8"]

1. e4 {[%clk 0:15:18]} c5 {[%clk 0:15:18]} 2. Nf3 {[%clk 0:15:26]} d6
{[%clk 0:15:27]} 3. Bb5+ {[%clk 0:15:33]} Bd7 {[%clk 0:15:35]} 4. Bxd7+
{[%clk 0:15:32]} Qxd7 {[%clk 0:15:42]} 5. O-O {[%clk 0:15:36]} Nc6
{[%clk 0:15:26]} 6. c3 {[%clk 0:15:38]} Nf6 {[%clk 0:15:22]} 7. Qe2
{[%clk 0:15:17]} e6 {[%clk 0:14:40]} 8. d4 {[%clk 0:15:21]} cxd4 {[%clk 0:14:36]}
9. cxd4 {[%clk 0:15:29]} d5 {[%clk 0:14:36]} 10. e5 {[%clk 0:15:37]} Ne4
{[%clk 0:14:43]} 11. Be3 {[%clk 0:15:43]} Be7 {[%clk 0:14:37]} 12. Ne1
{[%clk 0:15:35]} f5 {[%clk 0:13:16]} 13. Nd3 {[%clk 0:07:38]} O-O
{[%clk 0:12:39]} 14. f3 {[%clk 0:06:38]} Ng5 {[%clk 0:11:58]} 15. Nd2
{[%clk 0:06:20]} f4 {[%clk 0:09:14]} 16. Bf2 {[%clk 0:06:28]} Rf5
{[%clk 0:07:51]} 17. Nb3 {[%clk 0:06:30]} a6 {[%clk 0:05:38]} 18. Nbc5
{[%clk 0:05:34]} Bxc5 {[%clk 0:05:41]} 19. Nxc5 {[%clk 0:05:38]} Qe7
{[%clk 0:05:50]} 20. Rac1 {[%clk 0:05:33]} Nf7 {[%clk 0:05:44]} 21. Qc2
{[%clk 0:05:24]} Rc8 {[%clk 0:05:14]} 22. Qb3 {[%clk 0:05:18]} Nfd8
{[%clk 0:05:09]} 23. Rc2 {[%clk 0:05:15]} Rc7 {[%clk 0:04:35]} 24. Rfc1
{[%clk 0:05:23]} Rh5 {[%clk 0:04:09]} 25. Qb6 {[%clk 0:05:16]} Rh6
{[%clk 0:03:43]} 26. b4 {[%clk 0:04:34]} Qf7 {[%clk 0:02:52]} 27. a4
{[%clk 0:03:47]} Rc8 {[%clk 0:01:56]} 28. Nxb7 {[%clk 0:02:24]} Rb8
{[%clk 0:02:03]} 29. Nxd8 {[%clk 0:02:14]} Qh5 {[%clk 0:01:25]} 30. Qxc6
{[%clk 0:02:16]} Qxh2+ {[%clk 0:01:28]} 31. Kf1 {[%clk 0:02:25]} Rxd8
{[%clk 0:01:34]} 32. Qb6 {[%clk 0:02:20]} Rf8 {[%clk 0:01:33]} 33. Rc8
{[%clk 0:02:13]} 1-0

[Event "Russian Championship (Rapid, Women)"]
[Site "Sochi"]
[Date "2018.10.06"]
[Round "11.11"]
[White "Solozhenkina, Elizaveta"]
[Black "Shaydullina, Sandugach"]
[Result "1/2-1/2"]
[BlackElo "2129"]
[WhiteElo "2189"]
[LiveChessVersion "1.4.8"]

1. e4 {[%clk 0:15:19]} c5 {[%clk 0:15:19]} 2. Nf3 {[%clk 0:15:27]} d6
{[%clk 0:15:28]} 3. d4 {[%clk 0:15:36]} cxd4 {[%clk 0:15:36]} 4. Nxd4
{[%clk 0:15:44]} Nf6 {[%clk 0:15:45]} 5. f3 {[%clk 0:15:37]} e5 {[%clk 0:15:39]}
6. Nb3 {[%clk 0:15:42]} d5 {[%clk 0:15:28]} 7. Bg5 {[%clk 0:15:17]} d4
{[%clk 0:15:20]} 8. c3 {[%clk 0:15:16]} Nc6 {[%clk 0:15:11]} 9. Bb5
{[%clk 0:15:16]} dxc3 {[%clk 0:14:35]} 10. Qxd8+ {[%clk 0:15:11]} Kxd8
{[%clk 0:14:43]} 11. Nxc3 {[%clk 0:14:48]} Be6 {[%clk 0:14:25]} 12. O-O-O+
{[%clk 0:14:28]} Kc7 {[%clk 0:14:34]} 13. Nd5+ {[%clk 0:13:34]} Bxd5
{[%clk 0:14:25]} 14. exd5 {[%clk 0:13:42]} Nb4 {[%clk 0:14:04]} 15. Bxf6
{[%clk 0:13:20]} gxf6 {[%clk 0:14:11]} 16. a3 {[%clk 0:13:29]} Kb6
{[%clk 0:14:03]} 17. Be2 {[%clk 0:11:30]} Na6 {[%clk 0:14:02]} 18. Kb1
{[%clk 0:08:44]} Nc5 {[%clk 0:13:46]} 19. Nd2 {[%clk 0:08:53]} a6
{[%clk 0:13:14]} 20. Nc4+ {[%clk 0:07:30]} Ka7 {[%clk 0:13:22]} 21. Ka2
{[%clk 0:06:22]} Rg8 {[%clk 0:13:22]} 22. g3 {[%clk 0:05:28]} Rd8
{[%clk 0:13:14]} 23. Ne3 {[%clk 0:04:51]} h5 {[%clk 0:13:11]} 24. b4
{[%clk 0:04:00]} Na4 {[%clk 0:13:19]} 25. Kb3 {[%clk 0:04:10]} Nb6
{[%clk 0:13:28]} 26. a4 {[%clk 0:04:10]} Nc8 {[%clk 0:12:24]} 27. Bd3
{[%clk 0:01:47]} Nd6 {[%clk 0:12:14]} 28. Rhg1 {[%clk 0:01:30]} Bh6
{[%clk 0:12:17]} 29. Nf5 {[%clk 0:01:11]} Nxf5 {[%clk 0:12:25]} 30. Bxf5
{[%clk 0:01:21]} Be3 {[%clk 0:12:33]} 31. Rg2 {[%clk 0:01:28]} Bd4
{[%clk 0:12:42]} 32. Be4 {[%clk 0:01:24]} f5 {[%clk 0:12:17]} 33. Bxf5
{[%clk 0:01:29]} Rxd5 {[%clk 0:12:23]} 34. Rc2 {[%clk 0:01:26]} Kb8
{[%clk 0:12:16]} 35. Be4 {[%clk 0:00:38]} Rdd8 {[%clk 0:12:14]} 36. f4
{[%clk 0:00:26]} f6 {[%clk 0:12:00]} 37. b5 {[%clk 0:00:34]} axb5
{[%clk 0:11:28]} 38. axb5 {[%clk 0:00:43]} exf4 {[%clk 0:11:18]} 39. gxf4
{[%clk 0:00:52]} Be3 {[%clk 0:11:04]} 40. Rxd8+ {[%clk 0:00:31]} Rxd8
{[%clk 0:11:12]} 41. f5 {[%clk 0:00:39]} Rd4 {[%clk 0:10:56]} 42. Rc4
{[%clk 0:00:47]} Rd2 {[%clk 0:10:25]} 43. Rc2 {[%clk 0:00:52]} Rd4
{[%clk 0:09:42]} 44. Rc4 {[%clk 0:01:01]} Rd2 {[%clk 0:08:16]} 45. Rc2
{[%clk 0:01:10]} Rxc2 {[%clk 0:07:56]} 46. Bxc2 {[%clk 0:00:30]} Kc7
{[%clk 0:07:57]} 47. Bd1 {[%clk 0:00:28]} h4 {[%clk 0:08:04]} 48. Kc4
{[%clk 0:00:24]} Kd6 {[%clk 0:08:08]} 49. h3 {[%clk 0:00:26]} b6 {[%clk 0:08:12]}
50. Bf3 {[%clk 0:00:27]} Ke5 51. Bg4 Ke4 {[%clk 0:08:20]} 52. Kc3
{[%clk 0:00:38]} Bd4+ {[%clk 0:08:17]} 53. Kc4 {[%clk 0:00:46]} Be5
{[%clk 0:08:19]} 54. Kb4 {[%clk 0:00:45]} Bd6+ {[%clk 0:08:15]} 55. Kc4
{[%clk 0:00:52]} Bg3 {[%clk 0:07:42]} 56. Kb4 {[%clk 0:00:45]} Bf2
{[%clk 0:07:46]} 57. Kc4 {[%clk 0:00:51]} Be1 {[%clk 0:07:54]} 58. Kb3
{[%clk 0:00:57]} Kd4 {[%clk 0:07:42]} 59. Bf3 {[%clk 0:00:42]} Ke3
{[%clk 0:07:36]} 60. Bg4 {[%clk 0:00:50]} Kd3 {[%clk 0:07:44]} 61. Bf3
{[%clk 0:00:53]} Bd2 {[%clk 0:07:38]} 62. Bg4 {[%clk 0:00:54]} Ba5
{[%clk 0:07:20]} 63. Bf3 {[%clk 0:00:58]} Kd4 {[%clk 0:07:00]} 64. Bg4
{[%clk 0:01:03]} Ke4 {[%clk 0:06:37]} 65. Kc4 {[%clk 0:01:10]} Ke5
{[%clk 0:06:36]} 66. Kb3 {[%clk 0:01:15]} Kd4 {[%clk 0:06:25]} 67. Bf3
{[%clk 0:01:13]} Kd3 {[%clk 0:06:25]} 68. Bg4 {[%clk 0:01:08]} Bc3
{[%clk 0:06:25]} 69. Bf3 {[%clk 0:01:09]} Bd4 {[%clk 0:06:23]} 70. Bg4
{[%clk 0:01:11]} Bc5 {[%clk 0:06:25]} 71. Bf3 {[%clk 0:01:18]} 1/2-1/2

[Event "Russian Championship (Rapid, Women)"]
[Site "Sochi"]
[Date "2018.10.06"]
[Round "11.12"]
[White "Smirnova, Ekaterina"]
[Black "Bodnaruk, Anastasia"]
[Result "0-1"]
[BlackElo "2479"]
[WhiteElo "2135"]
[LiveChessVersion "1.4.8"]

1. d4 {[%clk 0:15:19]} Nf6 {[%clk 0:15:19]} 2. c4 {[%clk 0:15:28]} g6
{[%clk 0:15:28]} 3. Nc3 {[%clk 0:15:37]} Bg7 {[%clk 0:15:38]} 4. e4
{[%clk 0:15:46]} d6 {[%clk 0:15:47]} 5. Be2 {[%clk 0:15:55]} O-O {[%clk 0:15:56]}
6. Bg5 {[%clk 0:16:03]} Nbd7 {[%clk 0:16:05]} 7. Nf3 {[%clk 0:15:08]} h6
{[%clk 0:16:14]} 8. Be3 {[%clk 0:15:04]} e5 {[%clk 0:16:11]} 9. O-O
{[%clk 0:14:58]} Re8 {[%clk 0:15:22]} 10. d5 {[%clk 0:14:20]} Ng4
{[%clk 0:13:56]} 11. Bd2 {[%clk 0:14:26]} f5 {[%clk 0:13:56]} 12. h3
{[%clk 0:13:14]} Ngf6 {[%clk 0:14:03]} 13. exf5 {[%clk 0:12:58]} gxf5
{[%clk 0:14:10]} 14. Nh4 {[%clk 0:12:57]} Nc5 {[%clk 0:13:46]} 15. f4
{[%clk 0:12:25]} Nfe4 {[%clk 0:12:53]} 16. Be1 {[%clk 0:11:46]} exf4
{[%clk 0:11:53]} 17. Rxf4 {[%clk 0:11:40]} Qg5 {[%clk 0:11:44]} 18. Rf3
{[%clk 0:10:37]} Bd7 {[%clk 0:10:31]} 19. Nxe4 {[%clk 0:09:22]} Nxe4
{[%clk 0:09:11]} 20. Rb3 {[%clk 0:09:25]} Ba4 {[%clk 0:08:55]} 21. Nf3
{[%clk 0:08:19]} Qf6 {[%clk 0:08:47]} 22. Bc3 {[%clk 0:07:36]} Nxc3
{[%clk 0:08:42]} 23. bxc3 {[%clk 0:07:44]} Bxb3 {[%clk 0:08:43]} 24. axb3
{[%clk 0:07:53]} Qxc3 {[%clk 0:08:49]} 25. Ra2 {[%clk 0:07:54]} Re3
{[%clk 0:08:17]} 26. Nh4 {[%clk 0:07:42]} Qxb3 {[%clk 0:07:02]} 27. Qxb3
{[%clk 0:07:46]} Rxb3 {[%clk 0:07:11]} 28. Nxf5 {[%clk 0:07:54]} a5
{[%clk 0:07:01]} 29. Bh5 {[%clk 0:07:46]} a4 {[%clk 0:06:42]} 30. Rf2
{[%clk 0:06:36]} Rb1+ {[%clk 0:06:26]} 31. Kh2 {[%clk 0:06:44]} Be5+
{[%clk 0:06:35]} 32. g3 {[%clk 0:06:51]} Rb2 {[%clk 0:06:29]} 33. Be2
{[%clk 0:06:49]} Rf8 {[%clk 0:06:06]} 34. Nxh6+ {[%clk 0:06:22]} Kg7
{[%clk 0:06:16]} 0-1